Zadlženosť obyvateľstva v Slovenskej republike a v Európskej únii diplomová práca

Gespeichert in:
Bibliographische Detailangaben
1. Verfasser: Goljer, Martin
Körperschaft: Národohospodárska fakulta EU. Katedra hospodárskej politiky
Weitere Verfasser: Veselovská, Stanislava, 1957-
Format: Buch
Sprache:Slowakisch
Veröffentlicht: Bratislava 2009
Tags: Tag hinzufügen
Keine Tags, Fügen Sie das erste Tag hinzu!

MARC

LEADER 00000nam$a2200000$$$4500
001 0095730
005 20240516140632.8
041 0 |a slo 
044 |a SK 
245 1 0 |a Zadlženosť obyvateľstva v Slovenskej republike a v Európskej únii  |b diplomová práca  |c Martin Goljer ; škol. Stanislava Veselovská 
264 1 |a Bratislava  |c 2009 
300 |a 72 s. 
100 1 |a Goljer, Martin 
700 1 |a Veselovská, Stanislava, 1957- 
710 2 |a Národohospodárska fakulta EU. Katedra hospodárskej politiky